Länder mit den größten Goldreserven - Statistiken

Allgemein
  • Dieses Quiz wurde 81 mal gespielt
  • Das Durchschnittsergebnis liegt bei 11 aus 15
Antwortstatistiken
Gold in T Antwort % Korrekt
2.264,3 China
99%
8.133,5 USA
99%
3.351,5 Deutschland
97%
2.437 Frankreich
97%
2.335,9 Russland
95%
2.451,8 Italien
91%
846 Japan
90%
310,3 Vereinigtes Königreich
90%
840,8 Indien
82%
377,4 Polen
73%
612,5 Niederlande
65%
584,9 Türkei
59%
382,7 Portugal
51%
298,8 Kasachstan
29%
365,2 Usbekistan
17%
Keine übereinstimmenden Quizze gefunden
Verteilung der Resultate
Anzahl Personen mit jedem Resultat
Perzentil nach korrekt beantworteten Fragen
Ihre Resultats-Entwicklung
Sie haben dieses Quiz noch nicht gespielt